| 000 | 01404nam0a22002771 4500 | ||
|---|---|---|---|
| 001 | rc\2770105 | ||
| 005 | 20250806204250.0 | ||
| 035 | _a(NLR Aleph) 006896494 | ||
| 090 |
_a27110 _c27110 |
||
| 100 | _a20110915d1941 u y0rusy50 ca | ||
| 101 | 0 | _arus | |
| 102 | _aRU | ||
| 105 | _aa z ||||| | ||
| 200 | 1 |
_aСборник работ по культуре картофеля и кукурузы в зонах крахмало-паточной промышленности _e(По мат-лам опорных опыт. пунктов Ин-та за 1938-1940 гг.) _f[Отв. ред. А. Е. Лисицын] _gЦентр. н.-и. ин-т крахмало-паточ. пром-сти Наркомпищепрома РСФСР "ЦНИИ КПП" |
|
| 210 |
_aМосква _cБ. и. _d1941 _eИваново |
||
| 215 |
_aТит. л., 160 с. _cил., черт. _d21 см. |
||
| 320 | _aБиблиогр.: с. 56 и с. 143 | ||
| 702 | 1 |
_aЛисицын _bА.Е. _gАлександр Ефимович _4340 |
|
| 712 | 0 | 2 | _aНаучно-исследовательский ин-т крахмало-паточ. пром-сти и несвекловичных сахароносов (Москва) |
| 801 | 0 |
_aRU _bNLR _gpsbo |
|
| 801 | 1 |
_aRU _bELAR _2rusmarc |
|
| 852 |
_aNLR _jС50 Г-3/8 |
||
| 942 | _cBOOK | ||
| 945 | _aРоссийская национальная библиотека | ||
| 980 | _aNB | ||
| 980 | _aBV | ||